Nickelodeon All-Star Brawl Characters - Statistics

General Stats
  • This quiz has been taken 52 times
  • The average score is 13 of 20
Answer Stats
Series Answer % Correct
Avatar: The Last Airbender Aang
98%
_________ Squarepants Spongebob Squarepants
98%
_________ Squarepants Patrick Star
95%
Teenage Mutant Ninja Turtles Leonardo
88%
_________ Squarepants Sandy Cheeks
83%
Invader ___ Zim
78%
The Legend of _____ Korra
75%
Teenage Mutant Ninja Turtles April O'Neil
63%
The Loud House Lincoln Loud
63%
Hey Arnold! Helga Pataki
60%
Teenage Mutant Ninja Turtles Michaelangelo
60%
The ___ & ______ Show Ren & Stimpy
60%
Avatar: The Last Airbender Toph
55%
Rugrats Reptar
53%
The Wild __________s Nigel Thornberry
50%
______ CatDog
48%
The Loud House Lucy Loud
48%
The ___ & ______ Show Powdered Toast Man
43%
_____ _______ Danny Phantom
38%
Aaahh!! Real Monsters Oblina
38%
No matching quizzes found
Score Distribution
Percent of People with Each Score
Percentile by Number Answered
Your Score History
You have not taken this quiz